Normal view MARC view
  • Hurter, Bill

Entry Personal Name

Number of records used in: 1

001 - CONTROL NUMBER

  • control field: 152729

003 - CONTROL NUMBER IDENTIFIER

  • control field: DLC

005 - DATE AND TIME OF LATEST TRANSACTION

  • control field: 20260226112741.0

008 - FIXED-LENGTH DATA ELEMENTS

  • fixed length control field: 790213n| azannaabn |n aaa

010 ## - LIBRARY OF CONGRESS CONTROL NUMBER

  • LC control number: n 79012699

035 ## - SYSTEM CONTROL NUMBER

  • System control number: (OCoLC)oca00246742

040 ## - CATALOGING SOURCE

  • Original cataloging agency: DLC
  • Language of cataloging: eng
  • Description conventions: rda
  • Transcribing agency: DLC
  • Modifying agency: OCoLC
  • Modifying agency: UPB

100 1# - HEADING--PERSONAL NAME

  • Personal name: Hurter, Bill

372 ## - FIELD OF ACTIVITY

  • Field of activity: Photography
  • Source of term: lcsh

374 ## - OCCUPATION

  • Occupation: Photographers
  • Source of term: lcsh

377 ## - ASSOCIATED LANGUAGE

  • Language code: eng

670 ## - SOURCE DATA FOUND

  • Source citation: His Sports photography, c1978:
  • Information found: t.p. (Bill Hurter)

670 ## - SOURCE DATA FOUND

  • Source citation: Portrait photographer's handbook, 2007:
  • Information found: title page (Bill Hurter)
Devinim Yazılım Eğitim Danışmanlık tarafından Koha'nın orjinal sürümü uyarlanarak geliştirilip kurulmuştur.